Invariant imbedding and radiative transfer in slabs of finite thickness / (Record no. 8646)
[ view plain ]
| 000 -LEADER | |
|---|---|
| fixed length control field | 01252cam a22003131 4500 |
| 001 - CONTROL NUMBER | |
| control field | 8646 |
| 003 - CONTROL NUMBER IDENTIFIER | |
| rucl marc code | BD-RjUL |
| 005 - DATE AND TIME OF LATEST TRANSACTION | |
| control field | 20211208234627.0 |
| 008 - FIXED-LENGTH DATA ELEMENTS--GENERAL INFORMATION | |
| fixed length control field | 160119t1963 nyua b 001 0 eng |
| 035 ## - SYSTEM CONTROL NUMBER | |
| System control number | (BD-RjUL)8691 |
| 040 ## - CATALOGING SOURCE | |
| Original cataloging agency | DLC/ICU |
| Transcribing agency | ICU |
| Modifying agency | DLC |
| -- | BD-RjUL |
| Language of cataloging | eng |
| 041 ## - LANGUAGE CODE | |
| Language code of text/sound track or separate title | eng |
| 082 00 - DEWEY DECIMAL CLASSIFICATION NUMBER | |
| Classification number | 530.15 |
| Edition number | 16 |
| Author mark and year | BEI 1963 |
| 100 1# - MAIN ENTRY--PERSONAL NAME | |
| Personal name | Bellman, Richard E. |
| Dates associated with a name | 1920-1984. |
| 9 (RLIN) | 21308 |
| 245 10 - TITLE STATEMENT | |
| Title | Invariant imbedding and radiative transfer in slabs of finite thickness / |
| Statement of responsibility, etc. | by Richard E. Bellman, Robert E. Kalaba [and] Marcia C. Prestrud. |
| 260 ## - PUBLICATION, DISTRIBUTION, ETC. (IMPRINT) | |
| Place of publication, distribution, etc. | New York : |
| Name of publisher, distributor, etc. | American Elsevier Pub. Co., |
| Date of publication, distribution, etc. | 1963. |
| 300 ## - PHYSICAL DESCRIPTION | |
| Pagination | viii, 346 p. : |
| Illustrations | diagrs., tables. ; |
| Size | 24 cm. |
| 490 1# - SERIES STATEMENT | |
| Series statement | Modern analytic and computational methods in science and mathematics ; |
| Volume/sequential designation | v. 1 |
| 500 ## - GENERAL NOTE | |
| General note | [A Rand Corporation research study] |
| 504 ## - BIBLIOGRAPHY, ETC. NOTE | |
| Bibliography, etc | Bibliographical reference and index. |
| 650 #0 - SUBJECT ADDED ENTRY--TOPICAL TERM | |
| Topical term or geographic name as entry element | Invariant imbedding. |
| 9 (RLIN) | 26934 |
| Topical term or geographic name as entry element | Radiative transfer. |
| 9 (RLIN) | 26935 |
| 700 ## - ADDED ENTRY--PERSONAL NAME | |
| Personal name | Kalaba, Robert E. , jt. auth. |
| Personal name | Prestrud, Marcia C. , jt. auth. |
| 830 #0 - SERIES ADDED ENTRY--UNIFORM TITLE | |
| Uniform title | Modern analytic and computational methods in science and mathematics ; |
| Volume number/sequential designation | v. 1. |
| Uniform title | Rand Corporation research study. |
| 942 ## - ADDED ENTRY ELEMENTS (KOHA) | |
| Source of classification or shelving scheme | Dewey Decimal Classification |
| Koha item type | Books |
| Lost status | Source of classification or shelving scheme | Damaged status | Not for loan | Collection code | Permanent Location | Current Location | Shelving location | Date acquired | Source of acquisition | Cost, normal purchase price | Total Checkouts | Full call number | Date last seen | Copy number | Koha item type |
|---|---|---|---|---|---|---|---|---|---|---|---|---|---|---|---|
| Dewey Decimal Classification | Not For Loan | Non-fiction | Central Library, University of Rajshahi | Central Library, University of Rajshahi | 07/04/1964 | Zeitlinger | 68.00 | 530.15 BEI 1963 | 19/01/2014 | C-1 | Books |